| 000 | 01045nam a2200253 i 4500 | ||
|---|---|---|---|
| 001 | 143062 | ||
| 003 | ES-MaACL | ||
| 005 | 20230906200717.0 | ||
| 007 | t| | ||
| 008 | 070214s1904 xxu r ||||1| spa d | ||
| 245 | 0 | 0 |
_aMexican and Central American antiquities, calendar systems and History _b: twenty-four papers / _cby Eduardo Seler... [et al.] ; translated from the German under the supervision of Charles P. Bowditch. |
| 260 |
_aWashington : _b[s. n.], _c1904 ( _fGoverment Printing Office) |
||
| 300 |
_a682 p. : _bil. ; _c24 cm. |
||
| 490 | 1 |
_aBureau of American Technology Bulletin ; _v28 |
|
| 530 | _aDisponible también en forma digital en Internet Archive Web site. | ||
| 650 | 4 |
_aMayas- _xRestos arqueológicos. _914867 |
|
| 650 | 4 |
_aCalendario maya. _9159083 |
|
| 651 | 4 |
_aMéxico- _xRestos arqueológicos. _9148679 |
|
| 700 | 1 |
_aSeler, Eduardo. _9105297 |
|
| 700 | 1 |
_aBowditch, Charles P. _931131 |
|
| 830 | 0 |
_aBureau of American Technology Bulletin ; _v28 _9220533 |
|
| 852 |
_aES-MaACL _jG-15387 |
||
| 999 |
_c143062 _d143062 |
||